Programme d'un système de géographie (Record no. 189622)

MARC details
000 -LEADER
campo de control de longitud fija 00884nam a2200181 i 4500
001 - NÚMERO DE CONTROL
campo de control 189622
003 - IDENTIFICADOR DE NÚMERO DE CONTROL
campo de control ES-MaACL
005 - FECHA Y HORA DE LA ÚLTIMA TRANSACCIÓN
campo de control 20250724075217.0
008 - DATOS DE LONGITUD FIJA--INFORMACIÓN GENERAL
campo de control de longitud fija 190703q1874 fr |||| | fre d
100 1# - ENTRADA PRINCIPAL--NOMBRE DE PERSONA
Nombre de persona Beguyer de Chancourtois, Alexandre-Emile.
9 (RLIN) 27043
245 10 - MENCIÓN DEL TÍTULO
Título Programme d'un système de géographie
Resto del título : fondé sur l'usage des mesures décimales, d'un méridien... international et des projections stéréographique et gnomonique /
Mención de responsabilidad, etc. par M. A.-E. Beguyer de Chancourtois.
260 ## - PUBLICACIÓN, DISTRIBUCIÓN, ETC.
Lugar de publicación, distribución, etc. Paris :
Nombre del editor, distribuidor, etc. Gauthier-Villars, Imp.-Lib.,
Fecha de publicación, distribución, etc. [1874]
300 ## - DESCRIPCIÓN FÍSICA
Extensión 12 p. ;
Dimensiones 27 cm.
595 ## -
-- Extrait du Mémoire explicatif.
650 #7 - PUNTO DE ACCESO ADICIONAL DE MATERIA--TÉRMINO DE MATERIA
Término de materia o nombre geográfico como elemento de entrada Geodesia
Fuente del encabezamiento o término embne
9 (RLIN) 13068
852 ## - LOCALIZACIÓN
Ubicación ES-MaACL
Número de control de estantería L-32451(9)
Nota libre - Enc. cart.
-- . - Legado Federico de Botella y de Hornos
-- - Enc. en un vol. facticio, con tít. en el lomo de: Rapport sur les progrés de la stratigraphie
Holdings
Estatus retirado Estado de pérdida Estado de daño No para préstamo Colección Biblioteca de origen Biblioteca actual Ubicación en estantería Fecha de adquisición Fuente de adquisición Total de préstamos Signatura topográfica completa Código de barras Visto por última vez Precio de reemplazo Tipo de ítem Koha
        Libros del s. XIX Biblioteca del Ateneo de Madrid Biblioteca del Ateneo de Madrid Depósito 2 03/07/2019     L-32451(9) 1200985 23/02/2023 23/02/2023 Libro impreso antiguo